<?xml version="1.0" encoding="UTF-8"?>
<record
    xmlns:xsi="http://www.w3.org/2001/XMLSchema-instance"
    xsi:schemaLocation="http://www.loc.gov/MARC21/slim http://www.loc.gov/standards/marcxml/schema/MARC21slim.xsd"
    xmlns="http://www.loc.gov/MARC21/slim">

  <leader>00511nam a22001457a 4500</leader>
  <controlfield tag="001">9789875583306</controlfield>
  <controlfield tag="003">AR-BeUNQ</controlfield>
  <controlfield tag="005">20220616181433.0</controlfield>
  <datafield tag="245" ind1=" " ind2=" ">
    <subfield code="a">Prote&#xED;nas puras :</subfield>
    <subfield code="b">Entre el laboratorio y la industria.</subfield>
    <subfield code="c">Mariano Graselli</subfield>
    <subfield code="h">libro</subfield>
  </datafield>
  <datafield tag="250" ind1=" " ind2=" ">
    <subfield code="a">1a. ed</subfield>
  </datafield>
  <datafield tag="260" ind1=" " ind2=" ">
    <subfield code="a">Bernal : </subfield>
    <subfield code="b">Universidad de Quilmes,</subfield>
    <subfield code="c">2018</subfield>
  </datafield>
  <datafield tag="490" ind1="0" ind2="5">
    <subfield code="a">Nuevos enfoques en ciencia y tecnolog&#xED;a/ Diego Golombek</subfield>
  </datafield>
  <datafield tag="500" ind1=" " ind2=" ">
    <subfield code="a">Purificar un producto proteico.. Ruptura celular. Centrifugaci&#xF3;n. Filtraci&#xF3;n. Precipitaci&#xF3;n. </subfield>
  </datafield>
  <datafield tag="942" ind1="0" ind2="5">
    <subfield code="c">LIB</subfield>
  </datafield>
  <datafield tag="999" ind1=" " ind2=" ">
    <subfield code="c">253</subfield>
    <subfield code="d">253</subfield>
  </datafield>
  <datafield tag="952" ind1=" " ind2=" ">
    <subfield code="0">0</subfield>
    <subfield code="1">0</subfield>
    <subfield code="7">0</subfield>
    <subfield code="a">BIBESET</subfield>
    <subfield code="b">BIBESET</subfield>
    <subfield code="c">sala</subfield>
    <subfield code="d">2022-06-16</subfield>
    <subfield code="l">0</subfield>
    <subfield code="o">537 /PRO</subfield>
    <subfield code="p">59506</subfield>
    <subfield code="r">2022-06-16</subfield>
    <subfield code="w">2022-06-16</subfield>
    <subfield code="y">LIB</subfield>
  </datafield>
  <datafield tag="952" ind1=" " ind2=" ">
    <subfield code="0">0</subfield>
    <subfield code="1">0</subfield>
    <subfield code="7">0</subfield>
    <subfield code="a">BIBESET</subfield>
    <subfield code="b">BIBESET</subfield>
    <subfield code="c">circulacion</subfield>
    <subfield code="d">2022-06-16</subfield>
    <subfield code="o">537 /PRO</subfield>
    <subfield code="p">59508</subfield>
    <subfield code="r">2022-06-16</subfield>
    <subfield code="y">LIB</subfield>
  </datafield>
</record>
